LEADER 00885nam0-22003011i-450- 001 990005002880403321 005 20140523110050.0 035 $a000500288 035 $aFED01000500288 035 $a(Aleph)000500288FED01 035 $a000500288 100 $a19990604f18001900km-y0itay50------ba 101 0 $aita 105 $ay-------001yy 200 1 $aOeuvres$fde P.-L. Courier$gprècèdées d'un essai sur la vie et les écrits de l'auteur par Armand Carrel 205 $aN.ed. rev. 210 $aParis$cGarnier Frères$d[1890?] 215 $a583 p.$d19 cm 305 $aEdizione riv. sui migliori testi. 700 1$aCourier,$bPaul-Louis$0183582 702 1$aCarrel,$bArmand 801 0$aIT$bUNINA$gRICA$2UNIMARC 901 $aBK 912 $a990005002880403321 952 $a3/IV D 46$bR.Bibl. 15.805$fFLFBC 959 $aFLFBC 996 $aOeuvres$9530252 997 $aUNINA LEADER 01079nam0 22002891i 450 001 UON00201208 005 20231205103254.525 010 $a01-928191-6-X 100 $a20030730d1986 |0itac50 ba 101 $aeng 102 $aGB 105 $a|||| 1|||| 200 1 $aA.J.A. Symons$ehis life and speculations$fJulian Symons 210 $aOxford$aNew York$cOxford university$d1986 215 $a289 p.$cill.$d20 cm. 606 $aSYMONS, A.J.A.$3UONC084315$2FI 620 $aGB$dOxford$3UONL000029 620 $aUS$dNew York$3UONL000050 676 $a809.9352$cBiografia e autobiografia come letteratura.$v21 700 1$aSYMONS$bJulian$3UONV120124$0166048 712 $aOxford University Press$3UONV245947$4650 801 $aIT$bSOL$c20240220$gRICA 899 $aSIBA - SISTEMA BIBLIOTECARIO DI ATENEO$2UONSI 912 $aUON00201208 950 $aSIBA - SISTEMA BIBLIOTECARIO DI ATENEO$dSI Angl V A SIMJ $eSI LO 34919 5 $sBuono 996 $aA.J.A. Symons$91254506 997 $aUNIOR